| 000 | 00484nam a2200193Ia 4500 | ||
|---|---|---|---|
| 005 | 20250425161041.0 | ||
| 008 | 250425s9999 xx 000 0 und d | ||
| 020 | _a0132057048 | ||
| 041 | _aeng | ||
| 082 | _a621.38173 | ||
| 100 | _aHIGGINS, RICHARD J. | ||
| 245 | 0 | _aELECTRONICS WITH DIGITAL AND ANALOG INTEGRATED CIRCUITS | |
| 250 | _a1ST ED. | ||
| 260 | _aENGLEWOOD | ||
| 260 |
_aEstados Unidos _bPRENTICE HALL _c1983 |
||
| 300 | _a605 | ||
| 942 | _c01 | ||
| 010 | _a11408 | ||
| 999 |
_c201425 _d201425 |
||